000 00481nam a2200181Ia 4500
001 3278
005 20260306144909.0
008 260306t2008||||xx |||||||||||||| ||spa||
041 _aESP
082 _a263.3
_bR27
100 _aRatzinge, Joseph [1927-...]
_eAUT
245 0 _aEl resplandor de Dios en nuestro tiempo:
_bmeditaciones sobre el año litúrgico
260 _c2008
300 _a326 páginas :
_c20 cm.
650 _aGEN
654 _aCHU
942 _cLIB
_dJUS
_fJUS
_2ddc
_n
999 _c3278
_d3278